Statistics for French Cuisine by Picture

Click here to take the quiz!

General Stats

  • This quiz has been taken 133 times
  • The average score is 9 of 12

Answer Stats

Answer % Correct
Croissant
99%
Champagne
97%
Crêpe
93%
Baguette
90%
Escargot
88%
Wine
85%
Macaron
79%
{Coq} au vin
69%
Ratatouille
68%
{Mousse} au chocolat
68%
Croque-monsieur
58%
Foie gras
28%

Score Distribution

Percentile by Number Answered

Percent of People with Each Score

Your Score History

You have not taken this quiz